000 00535nam a2200181 4500
005 20250108165208.0
010 _aENG-143229
020 _a9789389267051
_c350.00
035 _aEN-126761
037 _bDBAD
082 _a028.7
100 _aMishra, Rajani
_976144
245 _aScientific Institutions as a Source of Information/
_cby Rajani Mishra
260 _a Delhi
_bPandulipi Prakashan
_c2022
270 _a77/1, East Azad Nagar
_bDelhi
_e110051
300 _a87p.
_c22cm(Hb)
942 _2ddc
_cEN
_h028.7
_mMIS
999 _c208234
_d208234